| 000 | 01435cam a2200337 a 4500 | ||
|---|---|---|---|
| 001 | EDZ0000085548 | ||
| 003 | StDuBDS | ||
| 005 | 20161031105127.0 | ||
| 006 | m||||||||d|||||||| | ||
| 007 | cr ||||||||||| | ||
| 008 | 120521s2001 cau fo| 001|0|eng|d | ||
| 020 |
_a9781452233901 (ebook) : _cNo price |
||
| 040 |
_aStDuBDS _beng _cStDuBDS _epn |
||
| 049 | _aAlfaisal Main Library | ||
| 050 | 4 | _aGN502 | |
| 082 | 0 | 4 |
_a155.8 _223 |
| 100 | 1 |
_aThomas, R. Murray _q(Robert Murray), _d1921- |
|
| 245 | 1 | 0 |
_aFolk psychologies across cultures _h[electronic resource] / _cby R. Murray Thomas. |
| 260 |
_aThousand Oaks, Calif. ; _aLondon : _bSAGE, _c2001. |
||
| 300 | _a1 online resource (ix, 335 p.) | ||
| 520 | 8 | _aWithout taking a single psychology course, ordinary people learn to understand, predict, and explain one another's actions, thoughts, and motivations. Many cognitive scientists and philosophers claim that our everyday or folk understanding of mental states constitutes a theory of mind. | |
| 521 | _aSpecialized. | ||
| 588 | _aDescription based on print version record. | ||
| 504 | _aIncludes bibliographical references and index. | ||
| 650 | 0 | _aEthnopsychology. | |
| 655 | 7 |
_aElectronic books. _2local |
|
| 710 | 2 | _aSage eBooks | |
| 776 | 0 | 8 |
_iPrint version : _z9780761924609 |
| 856 | 4 | 0 | _uhttp://ezproxy.alfaisal.edu/login?url=http://sk.sagepub.com/books/folk-psychologies-across-cultures |
| 942 |
_2lcc _cEBOOKS |
||
| 999 |
_c479896 _d479896 |
||